<?xml version="1.0" encoding="UTF-8"?>
<record
    xmlns:xsi="http://www.w3.org/2001/XMLSchema-instance"
    xsi:schemaLocation="http://www.loc.gov/MARC21/slim http://www.loc.gov/standards/marcxml/schema/MARC21slim.xsd"
    xmlns="http://www.loc.gov/MARC21/slim">

  <leader>04908cam a22003494a 4500</leader>
  <controlfield tag="001">395</controlfield>
  <controlfield tag="003">CUTN</controlfield>
  <controlfield tag="005">20130323105253.0</controlfield>
  <controlfield tag="008">081103s2009    nju      b    000 0 eng  </controlfield>
  <datafield tag="010" ind1=" " ind2=" ">
    <subfield code="a">  2008046066</subfield>
  </datafield>
  <datafield tag="020" ind1=" " ind2=" ">
    <subfield code="a">9780136006527 (alk. paper)</subfield>
  </datafield>
  <datafield tag="020" ind1=" " ind2=" ">
    <subfield code="a">0136006523 (alk. paper)</subfield>
  </datafield>
  <datafield tag="024" ind1=" " ind2=" ">
    <subfield code="a">99933645738</subfield>
  </datafield>
  <datafield tag="035" ind1=" " ind2=" ">
    <subfield code="a">(OCoLC)ocn262718697</subfield>
  </datafield>
  <datafield tag="035" ind1=" " ind2=" ">
    <subfield code="a">(NNC)7176618</subfield>
  </datafield>
  <datafield tag="035" ind1=" " ind2=" ">
    <subfield code="a">(OCoLC)262718697</subfield>
    <subfield code="z">(OCoLC)229033861</subfield>
  </datafield>
  <datafield tag="040" ind1=" " ind2=" ">
    <subfield code="a">DLC</subfield>
    <subfield code="c">DLC</subfield>
    <subfield code="d">YDX</subfield>
    <subfield code="d">BTCTA</subfield>
    <subfield code="d">BAKER</subfield>
    <subfield code="d">UKM</subfield>
    <subfield code="d">YDXCP</subfield>
  </datafield>
  <datafield tag="050" ind1="0" ind2="0">
    <subfield code="a">BD21</subfield>
    <subfield code="b">.C594 2009</subfield>
  </datafield>
  <datafield tag="082" ind1="0" ind2="0">
    <subfield code="a">100</subfield>
    <subfield code="2">22</subfield>
  </datafield>
  <datafield tag="245" ind1="0" ind2="0">
    <subfield code="a">Classic philosophical questions /</subfield>
    <subfield code="c">edited by Robert J. Mulvaney.</subfield>
  </datafield>
  <datafield tag="250" ind1=" " ind2=" ">
    <subfield code="a">13th ed.</subfield>
  </datafield>
  <datafield tag="260" ind1=" " ind2=" ">
    <subfield code="a">Upper Saddle River, N.J. :</subfield>
    <subfield code="b">Prentice Hall,</subfield>
    <subfield code="c">2009.</subfield>
  </datafield>
  <datafield tag="300" ind1=" " ind2=" ">
    <subfield code="a">xiv, 576 p. ;</subfield>
    <subfield code="c">23 cm.</subfield>
  </datafield>
  <datafield tag="504" ind1=" " ind2=" ">
    <subfield code="a">Includes bibliographical references and index.</subfield>
  </datafield>
  <datafield tag="505" ind1="0" ind2=" ">
    <subfield code="a">Plato and the trial of Socrates -- What is philosophy? -- Euthyphro : defining philosophical terms -- The apology, Phaedo, and Crito : the trial, immortality, and death of Socrates -- Philosophy of religion -- Can we prove that God exists? -- St. Anselm : the ontological argument -- St. Thomas Aquinas : the cosmological argument -- William Paley : the teleological argument -- Blaise Pascal : it is better to believe in God's existence than to deny it -- William James : free choice is the basis of belief -- Does the idea of a good God exclude evil? -- Gottfried Wilhelm Leibniz : God can allow some evil -- David Hume : a good God would exclude evil -- Ethics -- Are ethics relative? -- Ruth Benedict : ethics are relative -- W.T. Stace : ethics are not relative -- Are humans always selfish? -- Humans are always selfish : Glaucon's challenge to Socrates -- James Rachels : humans are not always selfish -- Which is basic in ethics : happiness or obligation? -- Aristotle : happiness is living virtuously -- Jeremy Bentham : happiness is seeking the greatest pleasure for the greatest number of people -- Immanuel Kant : duty is prior to happiness -- Friedrich Nietzsche : happiness is having power -- Jean-Paul Sartre : existentialist ethics -- Rosemarie Tong : feminist ethics are different -- Two contemporary moral problems : abortion, animal rights -- Jane English : are most abortions moral? -- Peter Singer : do animals have rights? -- Knowledge -- What is knowledge? -- Plato : knowledge is warranted, true belief -- What method is best for acquiring knowledge? -- Charles Sanders Peirce : four approaches to philosophy -- How do we acquire knowledge? -- Ren&#xE9; Descartes : knowledge is not ultimately sense knowledge -- John Locke : knowledge is ultimately sensed -- Immanuel Kant : knowledge is both rational and empirical -- How is truth established? -- Bertrand Russell : truth is established by correspondence -- Francis H. Bradley : truth is established by coherence -- William James : truth is established on pragmatic grounds -- Can we know the nature of causal relations? -- David Hume : cause means regular association -- David Hume : there are no possible grounds for induction -- Metaphysics -- Why is there something rather than nothing? -- Parmenides : being is uncaused -- Lao-Tzu : non-being is the source of being -- Is reality general or particular? -- Plato : universals are real -- David Hume : particulars are real -- Of what does reality consist? -- Ren&#xE9; Descartes : reality consists of mind and matter -- Paul Churchland : reality consists of matter -- George Berkeley : reality consists of ideas -- John Dewey : reality consists of mental and physical qualities -- Are humans free? -- Holbach : humans are determined -- Robert Kane : humans are free -- Social and political philosophy -- What is liberty? -- Fyodor Dostoevski : liberty and authority -- John Stuart Mill : liberty is independence from the majority's tyranny -- Martin Luther King, Jr. : liberty and racial prejudice -- Which government is best? -- Thomas Hobbes : monarchy is best -- John Locke : democracy is best -- Karl Marx : communism and nonalienated labor is best -- Alexis de Tocqueville : democracy can have serious problems -- Karl Popper : utopias lead to violence -- Aesthetics -- What constitutes the experience of beauty? -- Plotinus : beauty, sensuous, and ideal -- What is the function of art? -- Aristotle : the nature of tragedy -- Henri Bergson : the nature of comedy -- Philosophy and the good life -- Two classic views of the good life -- Epicurus : Epicurus and the pleasant life -- Epictetus : Epictetus and the life of self-control -- What gives life meaning? -- Leo Tolstoy : faith provides life's meaning -- Albert Camus : each person determines his or her life's meaning -- What is the value of philosophy? -- Bertrand Russell : the value of philosophy.</subfield>
  </datafield>
  <datafield tag="650" ind1=" " ind2="0">
    <subfield code="a">Philosophy</subfield>
    <subfield code="v">Introductions.</subfield>
  </datafield>
  <datafield tag="650" ind1=" " ind2="0">
    <subfield code="a">Philosophy.</subfield>
  </datafield>
  <datafield tag="700" ind1="1" ind2=" ">
    <subfield code="a">Mulvaney, Robert J.</subfield>
    <subfield code="z">MUL</subfield>
  </datafield>
  <datafield tag="942" ind1=" " ind2=" ">
    <subfield code="2">ddc</subfield>
    <subfield code="c">BOOKS</subfield>
  </datafield>
  <datafield tag="948" ind1="1" ind2=" ">
    <subfield code="a">20090529</subfield>
    <subfield code="b">c</subfield>
    <subfield code="c">jeb52</subfield>
    <subfield code="d">MPS</subfield>
  </datafield>
  <datafield tag="999" ind1=" " ind2=" ">
    <subfield code="c">312</subfield>
    <subfield code="d">312</subfield>
  </datafield>
  <datafield tag="952" ind1=" " ind2=" ">
    <subfield code="r">2019-11-19 00:00:00</subfield>
    <subfield code="l">3</subfield>
    <subfield code="o">100</subfield>
    <subfield code="p">395</subfield>
    <subfield code="s">2019-10-21</subfield>
    <subfield code="t">1</subfield>
    <subfield code="w">2013-03-18</subfield>
    <subfield code="y">BOOKS</subfield>
    <subfield code="1">0</subfield>
    <subfield code="2">ddc</subfield>
    <subfield code="4">0</subfield>
    <subfield code="7">0</subfield>
    <subfield code="0">0</subfield>
    <subfield code="a">CUTN</subfield>
    <subfield code="b">CUTN</subfield>
    <subfield code="c">REF</subfield>
    <subfield code="d">2013-03-18</subfield>
  </datafield>
</record>
